Statistics for Guess the French speaking country flags

Click here to take the quiz!

General Stats

  • This quiz has been taken 28 times
  • The average score is 23 of 26

Answer Stats

Answer% Correct
Belgium
100%
Canada
96%
France
96%
Ivory Coast
96%
Luxembourg
96%
Monaco
96%
Niger
96%
Switzerland
96%
Central African Republic
91%
Chad
91%
Democratic Republic of the Congo
91%
Mali
91%
Senegal
91%
Seychelles
91%
Benin
87%
Burkina Faso
87%
Burundi
87%
Cameroon
87%
Djibouti
87%
Madagascar
87%
Togo
87%
Guinea
83%
Rwanda
83%
Vanuatu
83%
Equatorial Guinea
78%
Haiti
78%

Score Distribution

Percentile by Number Answered

Percent of People with Each Score

Your Score History

You have not taken this quiz